000 nam a22 a 4500
999 _c2988
_d2988
003 AKMAL
005 20170519084105.0
008 170519s1988 my 00 eng d
020 _a9679782050
040 _aAKMAL
082 0 4 _a658.1 MIM
090 0 0 _a658.1
_bMIM
245 0 0 _aFinancial management
260 _aPetaling Jaya :
_bPelanduk Publications,
_c1988
300 0 0 _a89p. :
_bill. ;
_c21cm
650 0 _aFinancial management
_96250
942 _2ddc
_cBOOK